| 000 | 00482nam a2200193Ia 4500 | ||
|---|---|---|---|
| 008 | 170918s9999 xx 000 0 und d | ||
| 020 | _a9780439861328 | ||
| 050 | _bM652or 2008 | ||
| 100 | _aMiller, Wiley | ||
| 245 | _aOrdinary basil : | ||
| 245 | _battack of the volcano monkeys / | ||
| 245 | _cby Wiley Miller. | ||
| 260 | _aNew York : | ||
| 260 | _bBlue Sky Press, | ||
| 260 | _c2008 | ||
| 300 | _a127 pages : | ||
| 300 | _bcolored illustrations ; | ||
| 300 | _c23cm. | ||
| 999 |
_c343738 _d343738 |
||